<?xml version="1.0" encoding="UTF-8"?>
<record
    xmlns:xsi="http://www.w3.org/2001/XMLSchema-instance"
    xsi:schemaLocation="http://www.loc.gov/MARC21/slim http://www.loc.gov/standards/marcxml/schema/MARC21slim.xsd"
    xmlns="http://www.loc.gov/MARC21/slim">

  <leader>00895nam a22001577a 4500</leader>
  <controlfield tag="003">LRUA</controlfield>
  <controlfield tag="005">20191003155631.0</controlfield>
  <controlfield tag="008">191003b        xxu||||| |||| 00| 0 eng d</controlfield>
  <datafield tag="040" ind1=" " ind2=" ">
    <subfield code="c">RUA</subfield>
  </datafield>
  <datafield tag="082" ind1=" " ind2=" ">
    <subfield code="a">ANS CHA 2018 B.468 Or.1</subfield>
  </datafield>
  <datafield tag="100" ind1=" " ind2=" ">
    <subfield code="9">13944</subfield>
    <subfield code="a">CHAMEROEURN CHAMREN ; &#x1785;&#x17C6;&#x179A;&#x17BE;&#x1793; &#x1785;&#x17C6;&#x179A;&#x17C9;&#x17C2;&#x1793;</subfield>
  </datafield>
  <datafield tag="245" ind1=" " ind2=" ">
    <subfield code="a">&#x1780;&#x17B6;&#x179A;&#x1794;&#x17D2;&#x179A;&#x17C0;&#x1794;&#x1792;&#x17C0;&#x1794;&#x1785;&#x17C6;&#x178E;&#x17B8;&#x179F;&#x1798;&#x17D2;&#x179A;&#x17C1;&#x1785;&#x179A;&#x1794;&#x179F;&#x17CB;&#x1780;&#x17D2;&#x179A;&#x17BB;&#x1798;&#x17A0;&#x17CA;&#x17BB;&#x1793; VASA FEED &#x1793;&#x17B7;&#x1784;&#x200B;&#x1785;&#x17C6;&#x178E;&#x17B8;&#x1795;&#x17D2;&#x179F;&#x1798;&#x179B;&#x17BE;&#x1780;&#x17B6;&#x179A;&#x179B;&#x17BC;&#x178F;&#x179B;&#x17B6;&#x179F;&#x17CB;&#x179A;&#x1794;&#x179F;&#x17CB;&#x1798;&#x17B6;&#x1793;&#x17CB;&#x1796;&#x17BC;&#x1787;&#x1780;&#x17D2;&#x1793;&#x17BB;&#x1784;&#x179F;&#x17D2;&#x179A;&#x17BB;&#x1780;&#x1793;&#x17C5;&#x1780;&#x17D2;&#x179A;&#x17BB;&#x1784;&#x178F;&#x17B6;&#x1781;&#x17D2;&#x1798;&#x17C5; &#x1781;&#x17C1;&#x178F;&#x17D2;&#x178F;&#x1780;&#x178E;&#x17D2;&#x178A;&#x17B6;&#x179B;, Comparison of vasa feed company's concentrated with self formulated feed on growth performent of local chicke at vbc centre at takhmao city, kadal province.  </subfield>
  </datafield>
  <datafield tag="260" ind1=" " ind2=" ">
    <subfield code="a">RUA</subfield>
    <subfield code="b">PHNOM PENH</subfield>
    <subfield code="c">2018</subfield>
  </datafield>
  <datafield tag="300" ind1=" " ind2=" ">
    <subfield code="a">viii, 42p,</subfield>
    <subfield code="b">ill;</subfield>
    <subfield code="c">29cm;</subfield>
  </datafield>
  <datafield tag="942" ind1=" " ind2=" ">
    <subfield code="2">ddc</subfield>
    <subfield code="c">ANS</subfield>
  </datafield>
  <datafield tag="999" ind1=" " ind2=" ">
    <subfield code="c">18268</subfield>
    <subfield code="d">18268</subfield>
  </datafield>
  <datafield tag="952" ind1=" " ind2=" ">
    <subfield code="0">0</subfield>
    <subfield code="1">0</subfield>
    <subfield code="2">ddc</subfield>
    <subfield code="4">0</subfield>
    <subfield code="6">ANS_CHA_2018_000000000000000_B_468_OR_1</subfield>
    <subfield code="7">0</subfield>
    <subfield code="9">81905</subfield>
    <subfield code="a">LBA</subfield>
    <subfield code="b">LBA</subfield>
    <subfield code="d">2019-10-03</subfield>
    <subfield code="o">ANS CHA 2018 B.468 Or.1</subfield>
    <subfield code="p">A44385</subfield>
    <subfield code="r">2019-10-03</subfield>
    <subfield code="w">2019-10-03</subfield>
    <subfield code="y">ANS</subfield>
  </datafield>
  <datafield tag="952" ind1=" " ind2=" ">
    <subfield code="0">0</subfield>
    <subfield code="1">0</subfield>
    <subfield code="2">ddc</subfield>
    <subfield code="4">0</subfield>
    <subfield code="6">ANS_CHA_2018_000000000000000_B_468_OR_2</subfield>
    <subfield code="7">0</subfield>
    <subfield code="9">81906</subfield>
    <subfield code="a">LBA</subfield>
    <subfield code="b">LBA</subfield>
    <subfield code="d">2019-10-03</subfield>
    <subfield code="o">ANS CHA 2018 B.468 Or.2</subfield>
    <subfield code="p">A44295</subfield>
    <subfield code="r">2019-10-03</subfield>
    <subfield code="w">2019-10-03</subfield>
    <subfield code="y">ANS</subfield>
  </datafield>
  <datafield tag="952" ind1=" " ind2=" ">
    <subfield code="0">0</subfield>
    <subfield code="1">0</subfield>
    <subfield code="2">ddc</subfield>
    <subfield code="4">0</subfield>
    <subfield code="6">ANS_CHA_2018_000000000000000_B_468_OR_3</subfield>
    <subfield code="7">0</subfield>
    <subfield code="9">81907</subfield>
    <subfield code="a">LBA</subfield>
    <subfield code="b">LBA</subfield>
    <subfield code="d">2019-10-03</subfield>
    <subfield code="o">ANS CHA 2018 B.468 Or.3</subfield>
    <subfield code="p">A44440</subfield>
    <subfield code="r">2019-10-03</subfield>
    <subfield code="w">2019-10-03</subfield>
    <subfield code="y">ANS</subfield>
  </datafield>
  <datafield tag="952" ind1=" " ind2=" ">
    <subfield code="0">0</subfield>
    <subfield code="1">0</subfield>
    <subfield code="2">ddc</subfield>
    <subfield code="4">0</subfield>
    <subfield code="6">ANS_CHA_2018_000000000000000_B_468_OR_4</subfield>
    <subfield code="7">0</subfield>
    <subfield code="9">81908</subfield>
    <subfield code="a">LBA</subfield>
    <subfield code="b">LBA</subfield>
    <subfield code="d">2019-10-03</subfield>
    <subfield code="o">ANS CHA 2018 B.468 Or.4</subfield>
    <subfield code="p">A44491</subfield>
    <subfield code="r">2019-10-03</subfield>
    <subfield code="w">2019-10-03</subfield>
    <subfield code="y">ANS</subfield>
  </datafield>
  <datafield tag="952" ind1=" " ind2=" ">
    <subfield code="0">0</subfield>
    <subfield code="1">0</subfield>
    <subfield code="2">ddc</subfield>
    <subfield code="4">0</subfield>
    <subfield code="6">ANS_CHA_2018_000000000000000_B_468_OR_5</subfield>
    <subfield code="7">0</subfield>
    <subfield code="9">81909</subfield>
    <subfield code="a">LBA</subfield>
    <subfield code="b">LBA</subfield>
    <subfield code="d">2019-10-03</subfield>
    <subfield code="o">ANS CHA 2018 B.468 Or.5</subfield>
    <subfield code="p">A42356</subfield>
    <subfield code="r">2019-10-03</subfield>
    <subfield code="w">2019-10-03</subfield>
    <subfield code="y">ANS</subfield>
  </datafield>
  <datafield tag="952" ind1=" " ind2=" ">
    <subfield code="0">0</subfield>
    <subfield code="1">0</subfield>
    <subfield code="2">ddc</subfield>
    <subfield code="4">0</subfield>
    <subfield code="6">ANS_CHA_2018_000000000000000_B_468_OR_6</subfield>
    <subfield code="7">0</subfield>
    <subfield code="9">81910</subfield>
    <subfield code="a">LBA</subfield>
    <subfield code="b">LBA</subfield>
    <subfield code="d">2019-10-03</subfield>
    <subfield code="o">ANS CHA 2018 B.468 Or.6</subfield>
    <subfield code="p">A44490</subfield>
    <subfield code="r">2019-10-03</subfield>
    <subfield code="w">2019-10-03</subfield>
    <subfield code="y">ANS</subfield>
  </datafield>
</record>
